[Event "60th ch-RUS Higher League"]
[Site "Krasnoyarsk RUS"]
[Date "2007.09.05"]
[Round "3"]
[White "Ovetchkin, R."]
[Black "Zvjaginsev, V."]
[Result "0-1"]
[WhiteElo "2557"]
[BlackElo "2658"]
[PlyCount "70"]
[EventDate "2007.09.03"]
[Source "www.chesslib.no"]
[SourceDate "2004.05.04"]

1. e4 e5 2. Nf3 Nc6 3. Bb5 f5 4. Nc3 fxe4 5. Nxe4 Nf6 6. Qe2 d5 7. Nxf6+ gxf6 8. d4 Bg7 9. dxe5 O-O 10. e6 Ne5 11. Bf4 Qd6 12. O-O Qxe6 13. Rfe1 c6 14. Bd3 Nxd3 15. Qxd3 Qg4 16. Qd2 Bd7 17. Re7 Rf7 18. Rae1 Bf8 19. Rxf7 Kxf7 20. c4 dxc4 21. Bd6 Bxd6 22. Qxd6 Re8 23. Rxe8 Bxe8 24. h3 Qe4 25. Qc7+ Qe7 26. Qf4 b5 27. g4 Kg8 28. h4 Bf7 29. g5 fxg5 30. hxg5 b4 31. Ne5 Bd5 32. Ng4 Kg7 33. Ne3 Qe4 34. Qf6+ Kg8 35. Kh2 Qh4+ 0-1

[Event "Deutschland"]
[Site "?"]
[Date "2002.??.??"]
[Round "7.1"]
[White "Lutz Christopher"]
[Black "Aronian Levon"]
[Result "1/2-1/2"]
[WhiteElo "2643"]
[BlackElo "2562"]
[PlyCount "77"]
[EventDate "2002.??.??"]
[Source "www.chesslib.no"]
[SourceDate "2004.05.04"]

1. e4 e5 2. Nf3 Nc6 3. Bb5 f5 4. Nc3 Nd4 5. exf5 c6 6. Bd3 Nf6 7. Nxe5 Bd6 8. Nc4 Bc7 9. O-O O-O 10. b3 d5 11. Ne3 Ne4 12. Bxe4 dxe4 13. Nxe4 Bxf5 14. Ng3 Bg6 15. c3 Ne6 16. d4 Nf4 17. Nc4 Nd3 18. Be3 Qd7 19. Qd2 h5 20. f3 b5 21. Nb2 Nxb2 22. Qxb2 Rae8 23. Qd2 h4 24. Ne4 Bxe4 25. fxe4 Rxf1+ 26. Rxf1 Rxe4 27. Bf4 Bxf4 28. Rxf4 Qe6 29. Rxe4 Qxe4 30. c4 bxc4 31. bxc4 Qb1+ 32. Kf2 Qf5+ 33. Ke3 Qe6+ 34. Kd3 Qf5+ 35. Ke3 Qg5+ 36. Kd3 Qf5+ 37. Kc3 Qa5+ 38. Kd3 Qf5+ 39. Kc3 1/2-1/2

[Event "Bundesliga 2007-8"]
[Site "Hamburg GER"]
[Date "2008.03.09"]
[Round "11"]
[White "Hracek, Z."]
[Black "Werle, J."]
[Result "1/2-1/2"]
[WhiteElo "2613"]
[BlackElo "2570"]
[PlyCount "81"]
[EventDate "2008.02.09"]
[Source "www.chesslib.no"]
[SourceDate "2004.05.04"]

1. e4 e5 2. Nf3 Nc6 3. Bb5 f5 4. Nc3 fxe4 5. Nxe4 Nf6 6. Qe2 d5 7. Nxf6+ gxf6 8. d4 Bg7 9. dxe5 O-O 10. e6 Ne5 11. Be3 c6 12. Bd3 Bxe6 13. O-O-O Bg4 14. h3 Nxd3+ 15. Qxd3 Bh5 16. g4 Bg6 17. Qd2 Be4 18. Nd4 Bxh1 19. Rxh1 Qd7 20. Rg1 Rfe8 21. Nf5 Re5 22. Bd4 Rxf5 23. gxf5 Kh8 24. Qf4 b6 25. Re1 c5 26. Bc3 Re8 27. b3 d4 28. Rxe8+ Qxe8 29. Bd2 Bf8 30. Qc7 Qe7 31. Qc6 Kg7 32. a4 Qd6 33. Qb7+ Qe7 34. Qg2+ Kf7 35. Qd5+ Ke8 36. Qa8+ Kf7 37. Qd5+ Ke8 38. Kd1 Qd7 39. Qe4+ Kf7 40. Ke2 a6 41. Qf3 1/2-1/2

[Event "Deutschland"]
[Site "Deutschland"]
[Date "1994.??.??"]
[Round "?"]
[White "Bologan, Viktor"]
[Black "Chandler, Murray G"]
[Result "1-0"]
[WhiteElo "2585"]
[BlackElo "2545"]
[PlyCount "43"]
[EventDate "1994.??.??"]
[Source "www.chesslib.no"]
[SourceDate "2004.05.04"]

1. e4 e5 2. Nf3 Nc6 3. Bb5 f5 4. Nc3 fxe4 5. Nxe4 d5 6. Nxe5 dxe4 7. Nxc6 Qg5 8. Qe2 Nf6 9. f4 Qxf4 10. d4 Qh4+ 11. g3 Qh3 12. Ne5+ c6 13. Bc4 Be6 14. Bf4 Rd8 15. O-O-O Bd6 16. Bg5 Qf5 17. h4 Bxe5 18. Rhf1 Qg4 19. dxe5 Rxd1+ 20. Rxd1 Qxe2 21. Bxe2 Nd7 22. Rd4 1-0

[Event "Frankfurt Ordix op"]
[Site "Frankfurt"]
[Date "1999.07.03"]
[Round "3"]
[White "Svidler, Peter"]
[Black "Pirrot, Dieter"]
[Result "1-0"]
[WhiteElo "2713"]
[BlackElo "2410"]
[PlyCount "49"]
[EventDate "1999.07.??"]
[Source "www.chesslib.no"]
[SourceDate "2004.05.04"]

1. e4 e5 2. Nf3 Nc6 3. Bb5 f5 4. Nc3 fxe4 5. Nxe4 d5 6. Nxe5 dxe4 7. Nxc6 Qd5 8. c4 Qd6 9. Qh5+ g6 10. Qe5+ Qxe5 11. Nxe5+ c6 12. Ba4 Bg7 13. d4 exd3 14. Bf4 Be6 15. O-O-O O-O-O 16. Rhe1 Rd4 17. Nxd3 Bxc4 18. Nc5 Nh6 19. Rxd4 Bxd4 20. Nb3 Bxf2 21. Re7 Nf5 22. Rc7+ Kd8 23. Rxb7 Re8 24. Na5 Re1+ 25. Kd2 1-0

[Event "Minsk op"]
[Site "Minsk"]
[Date "1996.??.??"]
[Round "2"]
[White "Shabanova, Svetlana"]
[Black "Yagupova, Lola"]
[Result "1/2-1/2"]
[WhiteElo "2560"]
[BlackElo "2560"]
[PlyCount "42"]
[EventDate "1996.??.??"]
[Source "www.chesslib.no"]
[SourceDate "2004.05.04"]

1. e4 e5 2. Nf3 Nc6 3. Bb5 f5 4. Nc3 fxe4 5. Nxe4 d5 6. Nxe5 dxe4 7. Nxc6 Qg5 8. Qe2 Nf6 9. f4 Qxf4 10. d4 Qh4+ 11. g3 Qh3 12. Ne5+ c6 13. Bc4 Be6 14. Be3 Bd6 15. Bxe6 Qxe6 16. Nc4 Bc7 17. O-O O-O-O 18. c3 Nd5 19. Bg5 Rde8 20. Ne3 h6 21. Nxd5 Qxd5 1/2-1/2

[Event "BUL Team Ch"]
[Site "Varna BUL"]
[Date "1995.??.??"]
[Round "4"]
[White "Georgiev, Kiril D"]
[Black "Inkiov, Ventzislav V"]
[Result "1/2-1/2"]
[WhiteElo "2625"]
[BlackElo "2495"]
[PlyCount "45"]
[EventDate "1995.??.??"]
[Source "www.chesslib.no"]
[SourceDate "2004.05.04"]

1. e4 e5 2. Nf3 Nc6 3. Bb5 f5 4. Nc3 fxe4 5. Nxe4 d5 6. Ng3 Bg4 7. h3 Bxf3 8. Qxf3 Nf6 9. O-O Bc5 10. Qe2 O-O 11. Bxc6 bxc6 12. Qxe5 Nd7 13. Qe6+ Kh8 14. Qxc6 Qh4 15. d4 Bxd4 16. Qxd5 Rxf2 17. Rxf2 Rf8 18. Kh2 Bxf2 19. Nf5 Qf6 20. Qxd7 Qe5+ 21. g3 Bg1+ 22. Kxg1 Qe1+ 23. Kg2 1/2-1/2

[Event "Lloyds Bank Open"]
[Site "London ENG"]
[Date "1994.??.??"]
[Round "9"]
[White "Garcia, Gildardo"]
[Black "Ivanov, Alexander"]
[Result "1/2-1/2"]
[WhiteElo "2540"]
[BlackElo "2575"]
[PlyCount "80"]
[EventDate "1994.08.??"]
[Source "www.chesslib.no"]
[SourceDate "2004.05.04"]

1. e4 e5 2. Nf3 Nc6 3. Bb5 f5 4. Nc3 Nf6 5. Bxc6 dxc6 6. Qe2 Bc5 7. exf5 Qe7 8. Ne4 Bxf5 9. Nxc5 Qxc5 10. d4 Qxc2 11. Qxc2 Bxc2 12. dxe5 O-O-O 13. O-O Ne4 14. Be3 Bd3 15. Rfd1 Bc4 16. Nd4 Rhe8 17. f3 Nc5 18. f4 Ne6 19. f5 Nxd4 20. Bxd4 g6 21. fxg6 hxg6 22. Bc3 Rxd1+ 23. Rxd1 Bxa2 24. Kf2 c5 25. Ra1 Bc4 26. Rxa7 Ba6 27. Ra8+ Kd7 28. Rxe8 Kxe8 29. h4 Bd3 30. Ke3 Bc2 31. g4 Kf7 32. Kf4 Ke6 33. h5 gxh5 34. gxh5 b5 35. h6 c6 36. Be1 Bb1 37. Bf2 Kd5 38. e6 Kxe6 39. Bxc5 Kd5 40. b4 Bc2 1/2-1/2

[Event "Tbilisi sim m"]
[Site "Tbilisi GEO"]
[Date "1982.??.??"]
[Round "?"]
[White "Tal, Mikhail N"]
[Black "Bronstein, David I"]
[Result "1-0"]
[WhiteElo "2605"]
[BlackElo "2495"]
[PlyCount "61"]
[EventDate "1982.??.??"]
[Source "www.chesslib.no"]
[SourceDate "2004.05.04"]

1. e4 e5 2. Nf3 Nc6 3. Bb5 f5 4. Nc3 fxe4 5. Nxe4 Nf6 6. Qe2 Qe7 7. Nxf6+ gxf6 8. O-O a6 9. Ba4 b5 10. Bb3 Na5 11. d4 Nxb3 12. axb3 Bg7 13. dxe5 fxe5 14. Bg5 Qe6 15. Nxe5 O-O 16. Rae1 Bb7 17. f4 Rae8 18. Qd2 d6 19. Nc6 Qf7 20. Re7 Rxe7 21. Nxe7+ Kh8 22. f5 Bf6 23. Bxf6+ Qxf6 24. Re1 Rf7 25. Re6 Qxb2 26. Ng6+ Kg7 27. Nh4 Kf8 28. Qg5 Qd4+ 29. Kf1 Bc8 30. Ng6+ hxg6 31. Qd8+ 1-0

[Event "60th ch-RUS Higher League"]
[Site "Krasnoyarsk RUS"]
[Date "2007.09.10"]
[Round "7"]
[White "Belov, Vl"]
[Black "Kabanov, N."]
[Result "1-0"]
[WhiteElo "2590"]
[BlackElo "2509"]
[PlyCount "133"]
[EventDate "2007.09.03"]
[Source "www.chesslib.no"]
[SourceDate "2004.05.04"]

1. e4 e5 2. Nf3 Nc6 3. Bb5 f5 4. Nc3 fxe4 5. Nxe4 Nf6 6. Qe2 d5 7. Nxf6+ gxf6 8. d4 Bg7 9. dxe5 O-O 10. e6 Ne5 11. O-O Qd6 12. Nd4 c6 13. Bd3 Nxd3 14. Qxd3 Re8 15. Nf5 Qxe6 16. Nxg7 Kxg7 17. Be3 Qe4 18. Qd2 Bf5 19. Bd4 Kf7 20. Rae1 Qh4 21. Re3 Re4 22. c3 Qg5 23. f3 Re6 24. Qf2 b6 25. Rxe6 Bxe6 26. b4 Rg8 27. Kh1 Bf5 28. Be3 Qg6 29. a4 Bd3 30. Ra1 Re8 31. h3 a6 32. Re1 b5 33. a5 Bc4 34. Bd4 Rxe1+ 35. Qxe1 Qg5 36. Kg1 Bd3 37. Qe3 Qxe3+ 38. Bxe3 f5 39. Kf2 Ke6 40. g4 fxg4 41. hxg4 d4 42. Bxd4 Kd5 43. Ke3 Bc2 44. Kf4 Ke6 45. Kg5 Bd1 46. f4 Be2 47. Bf2 Bd1 48. Bh4 Be2 49. f5+ Kd6 50. f6 Bd3 51. Kh6 Ke6 52. Kg7 Bg6 53. g5 Bh5 54. Kxh7 Kf7 55. Kh6 Bg6 56. Bf2 Bf5 57. Kh5 Ke6 58. Bd4 Kf7 59. Kh4 Ke6 60. Kg3 Bg6 61. Kf4 Bh5 62. Be3 Bg6 63. Bc5 Bc2 64. f7 Kxf7 65. Ke5 Ke8 66. Kd6 Kd8 67. Kxc6 1-0

[Event "Moscow"]
[Site "Moscow"]
[Date "1982.??.??"]
[Round "?"]
[White "Tal, Mihail"]
[Black "Tseitlin, Mikhail S"]
[Result "1/2-1/2"]
[WhiteElo "2605"]
[BlackElo "2490"]
[PlyCount "36"]
[EventDate "1982.05.??"]
[Source "ChessBase"]

1. e4 e5 2. Nf3 Nc6 3. Bb5 f5 4. Nc3 fxe4 5. Nxe4 Nf6 6. Qe2 Qe7 7. d3 d6 8. O-O Bd7 9. Be3 a6 10. Ba4 b5 11. Bb3 Na5 12. Bd2 Nxb3 13. axb3 Bc6 14. c4 Nxe4 15. dxe4 Qd7 16. Ng5 Be7 17. f4 Bxg5 18. fxg5 Rf8 1/2-1/2

[Event "Russia 72/309"]
[Site "?"]
[Date "1998.??.??"]
[Round "?"]
[White "Galkin, Alexander"]
[Black "Bezgodov, Alexei"]
[Result "1/2-1/2"]
[WhiteElo "2565"]
[BlackElo "2520"]
[PlyCount "100"]
[EventDate "1998.??.??"]
[Source "ChessBase"]
[SourceDate "1998.02.01"]

1. e4 e5 2. Nf3 Nc6 3. Bb5 f5 4. Nc3 fxe4 5. Nxe4 Nf6 6. Nxf6+ Qxf6 7. Qe2 Be7 8. Bxc6 dxc6 9. Nxe5 O-O 10. O-O Bd6 11. d4 Bf5 12. c3 Bxe5 13. Qxe5 Qf7 14. Qg3 Rae8 15. Bf4 Re6 16. Be5 Rg6 17. Qe3 Be6 18. b3 b5 19. f3 a5 20. Rf2 a4 21. bxa4 bxa4 22. Qc1 h5 23. Qa3 h4 24. Qxa4 h3 25. g3 Bd5 26. Qa5 Rc8 27. Qa6 Qf5 28. c4 Bf7 29. c5 Bd5 30. Qb7 Rf8 31. Raf1 Qh5 32. a4 Rxf3 33. Rxf3 Bxf3 34. a5 Qg5 35. Qc8+ Kh7 36. Qxh3+ Rh6 37. Qxh6+ Qxh6 38. Rxf3 Qc1+ 39. Rf1 Qe3+ 40. Kg2 Qe4+ 41. Kh3 Qe2 42. Rf5 g6 43. Rf7+ Kh6 44. a6 g5 45. g4 Qxa6 46. Rf6+ Kh7 47. Rf5 Qd3+ 48. Kg2 Qe2+ 49. Kg3 Qe1+ 50. Kg2 Qe4+ 1/2-1/2

[Event "Costa Catalana"]
[Site "?"]
[Date "1978.??.??"]
[Round "3"]
[White "Cseshkovsky, V."]
[Black "Rodriguez, O."]
[Result "1-0"]
[WhiteElo "2590"]
[BlackElo "2485"]
[PlyCount "45"]
[EventDate "1978.??.??"]
[Source "www.chesslib.no"]
[SourceDate "2004.05.04"]

1. e4 e5 2. Nf3 Nc6 3. Bb5 f5 4. Nc3 Nd4 5. Ba4 Nf6 6. O-O Bc5 7. Nxd4 Bxd4 8. exf5 O-O 9. Ne2 d5 10. c3 Bb6 11. Bc2 Ne4 12. d3 Nd6 13. d4 e4 14. Nf4 c6 15. g4 g6 16. Kh1 gxf5 17. g5 Rf7 18. Rg1 Rg7 19. Qh5 Kh8 20. g6 Qg8 21. Be3 Bd7 22. gxh7 Qxh7 23. Rxg7 1-0

[Event "Reykjavik op"]
[Site "Reykjavik"]
[Date "1990.??.??"]
[Round "5"]
[White "Sokolov, Andrei"]
[Black "Mortensen, Erling"]
[Result "1/2-1/2"]
[WhiteElo "2585"]
[BlackElo "2480"]
[PlyCount "70"]
[EventDate "1990.03.??"]
[Source "ChessBase"]

1. e4 e5 2. Nf3 Nc6 3. Bb5 f5 4. Nc3 fxe4 5. Nxe4 Nf6 6. Nxf6+ Qxf6 7. Qe2 Be7 8. Bxc6 dxc6 9. Qxe5 Bg4 10. Qxf6 Bxf6 11. c3 c5 12. d3 Bxf3 13. gxf3 O-O-O 14. Ke2 Rd5 15. Be3 Rhd8 16. Rad1 Rh5 17. Rdg1 Rhd5 18. Rd1 Rh5 19. h3 b5 20. a4 a6 21. axb5 axb5 22. Ra1 Kd7 23. Ra5 Rb8 24. f4 Kc6 25. Ra6+ Rb6 26. Ra5 Rb8 27. Ra6+ Rb6 28. Ra7 b4 29. d4 bxc3 30. bxc3 Rb3 31. dxc5 Rxc3 32. Ra6+ Kb5 33. Ra7 Kc6 34. Ra6+ Kb5 35. Ra7 Kc6 1/2-1/2

[Event "Thessaloniki GRE, 2. Kalamaria Open"]
[Site "?"]
[Date "2005.09.04"]
[Round "5.1"]
[White "Kotronias Vasilios"]
[Black "Inkiov Ventzislav"]
[Result "1/2-1/2"]
[WhiteElo "2587"]
[BlackElo "2472"]
[PlyCount "126"]
[EventDate "2005.??.??"]
[Source "www.chesslib.no"]
[SourceDate "2004.05.04"]

1. e4 e5 2. Nf3 Nc6 3. Bb5 f5 4. Nc3 fxe4 5. Nxe4 d5 6. Nxe5 dxe4 7. Nxc6 Qg5 8. Qe2 Nf6 9. f4 Qxf4 10. d4 Qd6 11. Ne5+ c6 12. Bc4 Be6 13. c3 Be7 14. O-O O-O 15. Bg5 Rae8 16. Rae1 Bxc4 17. Nxc4 Qd5 18. Bh4 c5 19. Bxf6 Bxf6 20. Ne3 Qxa2 21. dxc5 Qe6 22. Qc4 Bg5 23. Rxf8+ Kxf8 24. Rf1+ Kg8 25. Qxe6+ Rxe6 26. Kf2 b6 27. Ra1 bxc5 28. Rxa7 Rc6 29. Nc4 e3+ 30. Ke2 Rc8 31. Ra1 g6 32. g3 h5 33. Ra6 Kg7 34. h4 Bh6 35. Re6 Rb8 36. Rb6 Rxb6 37. Nxb6 Kf6 38. Nd7+ Kf5 39. Kf3 e2 40. Kxe2 Bc1 41. b3 Ke4 42. Kf2 Bb2 43. c4 Bg7 44. Kg2 Bd4 45. Kh2 Be3 46. Kg2 Bd4 47. Kh2 Be3 48. Nf6+ Kf3 49. Kh3 Bd4 50. Nd7 Ke4 51. Kg2 Be3 52. Nf6+ Kf5 53. Nd5 Bd2 54. Kf3 g5 55. hxg5 Bxg5 56. Nc3 Ke5 57. Ne4 Be7 58. Ke3 Kf5 59. Nf2 Bg5+ 60. Kf3 Ke5 61. Nd3+ Kd4 62. Nxc5 Kxc5 63. Ke4 h4 1/2-1/2

[Event "Finjub30 GM2"]
[Site "Finjub30 GM2"]
[Date "1992.??.??"]
[Round "?"]
[White "Zagorovsky, Vladimir P"]
[Black "Mallee, Ralph"]
[Result "1/2-1/2"]
[WhiteElo "2560"]
[BlackElo "2495"]
[PlyCount "26"]
[EventDate "1992.??.??"]
[Source "www.chesslib.no"]
[SourceDate "2004.05.04"]

1. e4 e5 2. Nf3 Nc6 3. Bb5 f5 4. Nc3 fxe4 5. Nxe4 d5 6. Nxe5 dxe4 7. Nxc6 Qd5 8. c4 Qd6 9. Nxa7+ Bd7 10. Bxd7+ Qxd7 11. Qh5+ g6 12. Qe5+ Kf7 13. Nb5 c6 1/2-1/2

[Event "A.E. Axelsson Memorial 8493"]
[Site "A.E. Axelsson Memorial 8493"]
[Date "1984.??.??"]
[Round "?"]
[White "Oim, Tonu O"]
[Black "Brilla Banfalvi, Sandor"]
[Result "1-0"]
[WhiteElo "2565"]
[BlackElo "2490"]
[PlyCount "83"]
[EventDate "1984.??.??"]
[Source "www.chesslib.no"]
[SourceDate "2004.05.04"]

1. e4 e5 2. Nf3 Nc6 3. Bb5 f5 4. Nc3 fxe4 5. Nxe4 Nf6 6. Nxf6+ Qxf6 7. O-O Be7 8. Bxc6 dxc6 9. Qe1 Qg6 10. Qxe5 O-O 11. Qxe7 Rxf3 12. d3 h6 13. Qe4 Rf5 14. Re1 Bd7 15. Bf4 Qf7 16. Bg3 Rc8 17. Qb4 a5 18. Qh4 c5 19. Re7 Qd5 20. Qe4 Qxe4 21. dxe4 Rf7 22. Rxf7 Kxf7 23. f3 c4 24. Kf2 b5 25. Be5 b4 26. a3 bxa3 27. Rxa3 a4 28. g4 Rb8 29. Ra1 Rb5 30. Bc3 g5 31. h4 h5 32. hxg5 Rxg5 33. Rd1 Ke7 34. gxh5 Rxh5 35. Kg3 Rh3+ 36. Kg2 Rh5 37. Rh1 Rg5+ 38. Kf2 Be8 39. f4 Rh5 40. Rxh5 Bxh5 41. Bb4+ Kd7 42. c3 1-0

[Event "Match"]
[Site "Athens m"]
[Date "1976.??.??"]
[Round "5"]
[White "Liberzon, Vladimir M"]
[Black "Parma, Bruno"]
[Result "1/2-1/2"]
[WhiteElo "2540"]
[BlackElo "2515"]
[PlyCount "41"]
[EventDate "1976.??.??"]
[Source "www.chesslib.no"]
[SourceDate "2004.05.04"]

1. e4 e5 2. Nf3 Nc6 3. Bb5 f5 4. Nc3 fxe4 5. Nxe4 Nf6 6. Nxf6+ Qxf6 7. Qe2 Be7 8. Bxc6 dxc6 9. Nxe5 O-O 10. O-O Bd6 11. d4 c5 12. Be3 Be6 13. f4 Qf5 14. b3 Qe4 15. Qd3 Qxd3 16. Nxd3 cxd4 17. Bxd4 Bf5 18. Rad1 Rad8 19. g3 Rfe8 20. Kf2 Re7 21. Be3 1/2-1/2

[Event "Reykjavik Summit"]
[Site "Reykjavik"]
[Date "1990.??.??"]
[Round "?"]
[White "Mortensen, Erling"]
[Black "Tukmakov, Vladimir B"]
[Result "1-0"]
[WhiteElo "2480"]
[BlackElo "2570"]
[PlyCount "115"]
[EventDate "1990.03.??"]
[Source "ChessBase"]

1. e4 e5 2. Nf3 Nc6 3. Bb5 f5 4. Nc3 fxe4 5. Nxe4 d5 6. Ng3 Bg4 7. O-O Qf6 8. Re1 Nge7 9. d4 O-O-O 10. Bg5 Bxf3 11. Bxf6 Bxd1 12. Bxe7 Nxe7 13. Raxd1 a6 14. Be2 exd4 15. Rxd4 Nc6 16. Rd2 Bc5 17. Bf3 Ne7 18. Nh5 g6 19. Nf4 Bd6 20. Nxd5 Nxd5 21. Rxd5 Rde8 22. Rxe8+ Rxe8 23. Kf1 b6 24. h4 Re5 25. Rd4 Kd8 26. Be2 a5 27. f4 Rf5 28. g3 Ke7 29. Kg2 Kf8 30. Bd3 Rf7 31. Rd5 Kg7 32. h5 Kh6 33. hxg6 hxg6 34. Rg5 Rf6 35. Rd5 Re6 36. Kf3 Kg7 37. Be4 Rf6 38. Kg4 Re6 39. Kf3 Rf6 40. a4 Re6 41. c3 Bc5 42. Rd7+ Re7 43. Rd1 Kf6 44. Rh1 Re6 45. Rh7 Re7 46. Rh6 Rg7 47. g4 Bd6 48. g5+ Kf7 49. Kg4 Be7 50. Bd5+ Ke8 51. Be6 Bc5 52. Rh3 Ke7 53. Bc4 Kf8 54. Rh8+ Ke7 55. f5 gxf5+ 56. Kxf5 Be3 57. g6 Bc5 58. Bf7 1-0

[Event "Buenos Aires ol (Men)"]
[Site "Buenos Aires ARG"]
[Date "1978.??.??"]
[Round "12"]
[White "Darga, Klaus V"]
[Black "Parma, Bruno"]
[Result "1/2-1/2"]
[WhiteElo "2510"]
[BlackElo "2540"]
[PlyCount "38"]
[EventDate "1978.10.25"]
[Source "www.chesslib.no"]
[SourceDate "2004.05.04"]

1. e4 e5 2. Nf3 Nc6 3. Bb5 f5 4. Nc3 fxe4 5. Nxe4 Nf6 6. Nxf6+ Qxf6 7. O-O Be7 8. Bxc6 dxc6 9. Qe2 Bg4 10. Qxe5 O-O-O 11. Qxf6 Bxf6 12. Re1 Rhe8 13. Rxe8 Rxe8 14. Kf1 Bxf3 15. gxf3 Be5 16. h3 Rf8 17. c3 c5 18. Ke2 Re8 19. Kf1 Rf8 1/2-1/2

[Event "5th OIBM, Bad Wiessee GER"]
[Site "?"]
[Date "2001.??.??"]
[Round "4"]
[White "Ramesh, R."]
[Black "Shabalov, A."]
[Result "1/2-1/2"]
[WhiteElo "2465"]
[BlackElo "2585"]
[PlyCount "88"]
[EventDate "2001.??.??"]
[Source "www.chesslib.no"]
[SourceDate "2004.05.04"]

1. e4 e5 2. Nf3 Nc6 3. Bb5 f5 4. Nc3 Nf6 5. exf5 e4 6. Ng5 d5 7. d3 h6 8. Ne6 Bxe6 9. fxe6 Qd6 10. dxe4 Qxe6 11. O-O dxe4 12. Qd4 a6 13. Bxc6+ Qxc6 14. Bf4 Bd6 15. Bxd6 O-O-O 16. Qa7 cxd6 17. Rad1 Rhe8 18. Rd4 Qc5 19. Qxc5+ dxc5 20. Rxd8+ Kxd8 21. Rd1+ Kc7 22. Nd5+ Nxd5 23. Rxd5 Kc6 24. Rd2 e3 25. fxe3 Rxe3 26. Kf2 Re4 27. Kf3 Rc4 28. c3 b5 29. Rd8 a5 30. a3 b4 31. cxb4 axb4 32. Rg8 bxa3 33. bxa3 Rh4 34. Rxg7 Rxh2 35. Ke4 Rh4+ 36. Kd3 Ra4 37. Rg6+ Kb5 38. Rxh6 Rxa3+ 39. Kc2 Kb4 40. Rb6+ Kc4 41. Rb2 Kd4 42. Rb3 Ra2+ 43. Rb2 Ra8 44. Rb3 Rg8 1/2-1/2

[Event "XI Festival"]
[Site "Voronezh RUS"]
[Date "2007.06.20"]
[Round "8"]
[White "Shaposhnikov, E."]
[Black "Geller, J."]
[Result "1/2-1/2"]
[WhiteElo "2550"]
[BlackElo "2500"]
[PlyCount "88"]
[EventDate "2007.06.12"]
[Source "www.chesslib.no"]
[SourceDate "2004.05.04"]

1. e4 e5 2. Nf3 Nc6 3. Bb5 f5 4. Nc3 Nf6 5. exf5 Bc5 6. Nxe5 Nxe5 7. d4 Bxd4 8. Qxd4 O-O 9. Bf4 Nc6 10. Bxc6 dxc6 11. O-O-O Bxf5 12. Qc4+ Nd5 13. Nxd5 Be6 14. Qc3 Bxd5 15. Qg3 Qf6 16. Be5 Qh6+ 17. f4 Rf7 18. h4 Re8 19. Kb1 Qh5 20. Rd2 a5 21. b3 b5 22. Kb2 a4 23. Qg5 Qxg5 24. hxg5 axb3 25. axb3 Rf5 26. Rh3 Rexe5 27. fxe5 Rxg5 28. Re3 Kf7 29. Rf2+ Ke6 30. g3 Rxe5 31. Rxe5+ Kxe5 32. Kc3 c5 33. Kd2 b4 34. Rf8 c6 35. Ke3 h5 36. Rf4 Be6 37. Re4+ Kd5 38. Rf4 g6 39. c3 bxc3 40. Rc4 g5 41. Rxc3 h4 42. gxh4 gxh4 43. Rc4 h3 44. Rh4 Kd6 1/2-1/2

[Event "URS Team Ch"]
[Site "Podolsk RUS"]
[Date "1990.??.??"]
[Round "?"]
[White "Akopian, Vladimir E"]
[Black "Kuzmin, Alexey"]
[Result "1/2-1/2"]
[WhiteElo "2550"]
[BlackElo "2495"]
[PlyCount "101"]
[EventDate "1990.??.??"]
[Source "www.chesslib.no"]
[SourceDate "2004.05.04"]

1. e4 e5 2. Nf3 Nc6 3. Bb5 f5 4. Nc3 fxe4 5. Nxe4 d5 6. Ng3 Bg4 7. h3 Bxf3 8. Qxf3 Qd6 9. c4 O-O-O 10. Bxc6 Qxc6 11. cxd5 Qxd5 12. Qxd5 Rxd5 13. Ke2 Ne7 14. d3 Nc6 15. Be3 Bc5 16. Rhd1 Rhd8 17. Ne4 Bb6 18. Nc3 R5d6 19. Ne4 Rd5 20. Nc3 R5d7 21. a3 Nd4+ 22. Bxd4 Bxd4 23. Rd2 a6 24. Ne4 Rd5 25. Rc1 Rb5 26. b4 a5 27. Rc4 Rd7 28. Rdc2 c6 29. h4 h6 30. h5 Rbd5 31. g4 Kd8 32. Ng3 Ke7 33. Nf5+ Kf6 34. Rd2 Kg5 35. f3 Rd8 36. Ng3 Kf6 37. a4 Ra8 38. Rd1 axb4 39. Rxb4 b5 40. axb5 Rxb5 41. Ne4+ Ke6 42. Rc4 Kd5 43. Nc3+ Bxc3 44. Rxc3 c5 45. Ke3 Ra2 46. Rdc1 Ra4 47. Rc4 Ra3 48. R1c3 Ra1 49. Rc1 Ra3 50. R1c2 Ra7 51. Rc1 1/2-1/2

[Event "Medellin m"]
[Site "Medellin COL"]
[Date "1992.??.??"]
[Round "6"]
[White "Zapata, Alonso"]
[Black "Garcia, Gildardo"]
[Result "1-0"]
[WhiteElo "2530"]
[BlackElo "2515"]
[PlyCount "77"]
[EventDate "1992.07.??"]
[Source "www.chesslib.no"]
[SourceDate "2004.05.04"]

1. e4 e5 2. Nf3 Nc6 3. Bb5 f5 4. Nc3 fxe4 5. Nxe4 d5 6. Nxe5 dxe4 7. Nxc6 Qg5 8. Qe2 Nf6 9. f4 Qh4+ 10. g3 Qh3 11. Ne5+ c6 12. Bc4 Bc5 13. c3 Bf5 14. d4 exd3 15. Nxd3+ Be7 16. Bd2 Bg4 17. Qf1 O-O-O 18. Ne5 Bc5 19. Qxh3 Bxh3 20. O-O-O Ne4 21. Rhe1 Nf2 22. Nf7 Nxd1 23. Kxd1 Bf2 24. Re2 Bg1 25. Nxh8 Rxh8 26. Be3 b5 27. Bd3 Bxe3 28. Rxe3 Kd7 29. Be4 h6 30. Kd2 Rf8 31. Bf3 g5 32. Rd3+ Kc7 33. Ke3 Re8+ 34. Kf2 Rf8 35. Re3 Kd6 36. Rd3+ Kc7 37. Re3 Kd6 38. fxg5 hxg5 39. Ke1 1-0

[Event "Omsk"]
[Site "?"]
[Date "1996.??.??"]
[Round "?"]
[White "Korneev, O."]
[Black "Hachian, M."]
[Result "1/2-1/2"]
[WhiteElo "2565"]
[BlackElo "2480"]
[PlyCount "63"]
[EventDate "1996.??.??"]
[Source "ChessBase"]
[SourceDate "1997.02.01"]

1. e4 e5 2. Nf3 Nc6 3. Bb5 f5 4. Nc3 fxe4 5. Nxe4 Nf6 6. Qe2 d5 7. Nxf6+ gxf6 8. d4 Bg7 9. dxe5 O-O 10. e6 Ne5 11. Bf4 c6 12. Bd3 Nxd3+ 13. Qxd3 Bxe6 14. Nd4 Bf7 15. O-O-O Qd7 16. h4 Rfe8 17. h5 Re4 18. g3 c5 19. Nb5 Rb4 20. Nc3 d4 21. h6 Bh8 22. Ne4 Qd5 23. a3 Rb6 24. c4 Qd7 25. Nxc5 Qc8 26. Qxd4 Rc6 27. Bd6 b6 28. Rh4 f5 29. Qd2 bxc5 30. Rg4+ fxg4 31. Qg5+ Bg6 32. Qd5+ 1/2-1/2

[Event "JUG Ch"]
[Site "Novi Sad YUG"]
[Date "1975.??.??"]
[Round "?"]
[White "Planinec, Albin"]
[Black "Parma, Bruno"]
[Result "0-1"]
[WhiteElo "2535"]
[BlackElo "2510"]
[PlyCount "72"]
[EventDate "1975.??.??"]
[Source "www.chesslib.no"]
[SourceDate "2004.05.04"]

1. e4 e5 2. Nf3 Nc6 3. Bb5 f5 4. Nc3 fxe4 5. Nxe4 d5 6. Ng3 Bg4 7. h3 Bxf3 8. Qxf3 Nf6 9. Nh5 Qd6 10. Nxf6+ gxf6 11. Qh5+ Kd7 12. O-O Rd8 13. d4 Kc8 14. c3 Qe6 15. Bxc6 bxc6 16. Be3 Bd6 17. Rae1 Rd7 18. f4 e4 19. c4 dxc4 20. Qa5 Rg7 21. f5 Qd5 22. Qxa7 Rhg8 23. Re2 Qb5 24. a4 Qb3 25. Rfe1 Bb4 26. Qa6+ Kd8 27. d5 Bxe1 28. Qa8+ Kd7 29. Qxc6+ Kc8 30. Qa8+ Qb8 31. Qa6+ Qb7 32. Qxb7+ Kxb7 33. Rxe1 Rxg2+ 34. Kh1 Rxb2 35. Bf4 Re8 36. Rc1 e3 0-1

[Event "Las Palmas"]
[Site "Las Palmas"]
[Date "1975.??.??"]
[Round "13"]
[White "Mecking, Henrique"]
[Black "Rodriguez Vargas, Orestes"]
[Result "1-0"]
[WhiteElo "2610"]
[BlackElo "2435"]
[PlyCount "49"]
[EventDate "1975.??.??"]
[Source "ChessBase"]

1. e4 e5 2. Nf3 Nc6 3. Bb5 f5 4. Nc3 Nd4 5. Ba4 Nf6 6. exf5 Bc5 7. Nxe5 O-O 8. O-O d5 9. Ne2 Qd6 10. Nxd4 Bxd4 11. Nf3 Ng4 12. c3 Rxf5 13. cxd4 Rxf3 14. g3 Nxh2 15. Kxh2 Qh6+ 16. Kg1 Bg4 17. Qe1 Qh3 18. Bd1 Raf8 19. d3 h5 20. Bg5 Rxf2 21. Qxf2 Rxf2 22. Rxf2 Qxg3+ 23. Rg2 Qe1+ 24. Kh2 Bxd1 25. Rd2 1-0

[Event "JUG Ch"]
[Site "Novi Sad YUG"]
[Date "1975.??.??"]
[Round "?"]
[White "Matulovic, Milan"]
[Black "Parma, Bruno"]
[Result "1/2-1/2"]
[WhiteElo "2530"]
[BlackElo "2510"]
[PlyCount "40"]
[EventDate "1975.??.??"]
[Source "www.chesslib.no"]
[SourceDate "2004.05.04"]

1. e4 e5 2. Nf3 Nc6 3. Bb5 f5 4. Nc3 fxe4 5. Nxe4 d5 6. Nxe5 dxe4 7. Nxc6 Qg5 8. Qe2 Nf6 9. f4 Qh4+ 10. g3 Qh3 11. Ne5+ c6 12. Bc4 Bc5 13. c3 Bf5 14. d4 exd3 15. Nxd3+ Be7 16. Nf2 Qg2 17. Be3 O-O-O 18. Qf1 Qf3 19. Qe2 Qg2 20. Qf1 Qf3 1/2-1/2